000 00294nam a22001337a 4500
020 _a978-81-264-2448-1
082 _a894.812.3
_bMAN/E
100 _aMANGAD, AMBIKASUTHAN
245 _aENMAKA
260 _aKOTTAYAM
_bDC BOOKS
300 _a200
650 _aMALAYALAM NOVEL
_zKERALA
942 _cBK
999 _c7173
_d7173